| 000 | 01004nam a2200217Ia 4500 | ||
|---|---|---|---|
| 999 |
_c39288 _d39288 |
||
| 001 | 5874 | ||
| 003 | GE_BSU | ||
| 005 | 20190916110625.0 | ||
| 008 | 181216s1982||||ge |||||||||||||| ||geo|| | ||
| 040 | _cGE_BSU | ||
| 041 | _ageo | ||
| 080 | _a821.353.1-32 ა-53 | ||
| 100 |
_aალფენიძე, ლ. _94004 |
||
| 245 |
_aსიყვარული და უკვდავება სიკვდილი ქრისტეს ასაკში (წ.3) / _c ლ. ალფენიძე ; რედ. ნ. ინასარიძე |
||
| 264 |
_aთბილისი : _bსაბჭოთა საქართველო ; _c1982. |
||
| 300 |
_a415 გვ. ; _c20 სმ. |
||
| 653 | _aმხატვრულ-დოკუმენტური ქრონიკები 3 წიგნად | ||
| 653 | _aსიკვდილი ქრისტეს ასაკში | ||
| 700 |
_aინასარიძე, ნ. _eრედაქტორი _91193 |
||
| 942 |
_cBK _2udc |
||